000 00546nam a2200229Ia 4500
003 OSt
005 20220924142255.0
006 a|||||r|||| 00| 0
007 ta
008 220923b |||||||| |||| 00| 0 ben d
024 _a301197
037 _cTextual
040 _aARTS
_cARTS
_bben
041 _2ben
_aben
082 _aY1:1:46, 157K7
100 _aBari
_9213122
245 0 _aPalitatin thekearali
260 _c1967
650 _aSOCIOLOGY
942 _hY1:1:46, 157K7
_cTEXL
_2CC
999 _c450059
_d450059